LEADER 01463nam a2200325 4500 001 000000345180 003 CaOOAMICUS 005 20210421161054.0 008 210331s2019 it 000 u ita r 020 $a978-88-238-4635-7 040 $aSeMil$bita 100 1 $aGiordano, Filippo.$0(OLS)http://semarc/name/113404 245 10$aMisurare l'impatto sociale :$bSROI e altri metodi per il carcere /$cFilippo Giordano, Francesco Perrini, Delia Langer ; prefazione di Pietro Buffa. 264 1$aMilano :$bEgea,$c2019. 300 $a265 p. ;$c24 cm 490 1 $aBiblioteca dell'economia d'azienda 541 0 $aOmaggio mons. Mario Delpini (3L IV 52) 650 4$aDetenuti.$0(OLS)http://semarc/subject/26939 700 1 $aPerrini, Francesco,$d<1965- >.$0(OLS)http://semarc/name/113405 700 1 $aLanger, Delia.$0(OLS)http://semarc/name/113406 700 1 $aBuffa, Pietro.$0(OLS)http://semarc/name/113407 830 0$aBiblioteca dell'economia d'azienda.$0(OLS)http://semarc/title/434296 850 $aSeMil 852 $aSeMil$W1$xVenegono$y1$m3L IV 52$j225519$B236250$CSeMilBibl$Z2$F236250 $81 941 1 $a7 961 $aOmaggio mons. Mario Delpini 996 $6020$a978-88-238-4635-7$9(OLS)http://semarc/number/292789 996 $6245$aMisurare l'impatto sociale :$bSROI e altri metodi per il carcere$9(OLS)http://semarc/title/434295 996 $6264$aMilano :$bEgea$9(OLS)http://semarc/publisher/33883 LEADER 01193nam a2200253 i 4500 001 000000069995 003 CaOOAMICUS 005 20080605000000.0 008 080605s1980 it u000 u ita u 013 $a41167 040 $aSeMil$bita 100 1 $aGrossner, Claus.$0(OLS)http://semarc/name/34882 240 10$aVerfall der Philosophie : Politik deutscher Philosophen.$0(OLS)http://semarc/title/112254 245 12$aI filosofi tedeschi contemporanei tra neomarxismo, ermeneutica e razionalismo critico /$cClaus Grossner ; presentazione di Franco Volpi. 260 $aRoma :$bCittà Nuova,$c1980. 300 $a410 p. ;$c19 cm. 490 0 $aIdee ;$v50 650 4$aFilosofia politica - Germania - Sec. 20.$0(OLS)http://semarc/subject/13924 700 1 $aVolpi, Franco,$d<1952-2009>.$0(OLS)http://semarc/name/6411 830 0$aIdee ;$v50.$0(OLS)http://semarc/title/6244 850 $aSeMil 852 $aSeMil$W1$xVenegono$y1$m2P I 463$j36148$B36148$CSeMilBibl$Z2$F36151 $81 996 $6245$aI filosofi tedeschi contemporanei tra neomarxismo, ermeneutica e razionalismo critico$9(OLS)http://semarc/title/112253 996 $6260$aRoma :$bCittà Nuova$9(OLS)http://semarc/publisher/29609